000 00339nam a22001337a 4500
020 _a0139064621
082 _a58,4038 LAV
100 _aLAUDON
245 _aMANAGMENT INTERNATINAL FROM SYSTEM:NEW APPROACHES TO ORGANISATION
260 _aUSA
_bHALL INTERNATINAL,INC
_c1998
300 _a463
_bCM27
500 _aINCLUDE,INDEX
942 _cBK
999 _c18913
_d18913